Psychologie pro praxi

Pôvodné príspevky z psychológie a príbuzných disciplín, ako aj príspevky, ktoré se zaoberajú štúdiom psychologických tém v rámci rôznych aplikovaných oblastí, či naprieč kultúrami.

Saved in:
Bibliographic Details
Format: Serial
Language:Czech
Slovak
Published: Praha Univerzita Karlova v Praze. Nakladatelství Karolinum
Subjects:
Tags: Add Tag
No Tags, Be the first to tag this record!

MARC

LEADER 00000nas1a2200000$$$4500
001 0102008
005 20240226082606.2
022 |a 1803-8670 
022 |a 2336-6486 
041 0 |a cze 
041 0 |a slo 
044 |a CZ 
245 1 0 |a Psychologie pro praxi 
264 1 |a Praha  |b Univerzita Karlova v Praze. Nakladatelství Karolinum 
500 |a Do roku 2009 vychádzal pod názvom Psychologie v ekonomické praxi 
520 |a Pôvodné príspevky z psychológie a príbuzných disciplín, ako aj príspevky, ktoré se zaoberajú štúdiom psychologických tém v rámci rôznych aplikovaných oblastí, či naprieč kultúrami. 
610 2 0 |a psychológia 
610 2 0 |a psychológia práce 
610 2 0 |a psychológia pedagogická 
610 2 0 |a psychológia sociálna 
610 2 0 |a spoločnosť